| 000 | 01163nam a22002894c 4500 | ||
|---|---|---|---|
| 003 | AR-BaSMT | ||
| 008 | 240627b2022 enka|||ar|||| 000 1 ing d | ||
| 020 | _a9781474918480 | ||
| 040 |
_aBSGB _bespañol _erda |
||
| 041 | 0 |
_aing _hInglés |
|
| 080 | _a82-34 | ||
| 100 | 1 |
_aPunter, Russell _9475 |
|
| 245 | 1 | 0 | _aGiraffe in the bath |
| 264 |
_aLondres : _bUsrborne, _c2022 |
||
| 300 |
_a24 páginas ; _bilustraciones color |
||
| 336 |
_2rdacontent _atexto _btxt |
||
| 337 |
_2rdamedia _asin mediación _bn |
||
| 338 |
_2rdacarrier _avolumen _bnc |
||
| 490 | _aUsborne Phonics Readers | ||
| 520 | _aGiraffe is all set for a soak in the tub after a hard day's work '“ but no one will leave her in peace! This lively rhyming story, containing vivid illustrations and phonic repetition, is specially written for children who are learning to read. A delight to share with young children, and there are parents notes on phonics at the back of the book. | ||
| 521 | _aJardín / Primaria | ||
| 650 | 7 |
_98 _aLITERATURA INFANTIL _vInglés _xPhonics |
|
| 650 | 7 |
_923 _aCUENTO |
|
| 700 | 1 |
_aSemple, David _9478 _eIlustrador |
|
| 942 |
_2ddc _aBOOK |
||
| 999 |
_c642 _d642 |
||